Celebrity Quiz - Statistics

General Stats
  • This quiz has been taken 78 times
  • The average score is 10 of 16
Answer Stats
Picture Answer % Correct
Michelle Obama
96%
Chris Hemsworth
95%
Elvis Presley
95%
Miley Cyrus
91%
Shakira
86%
Benedict Cumberbatch
80%
Frank Sinatra
68%
Whoopi Goldberg
65%
Mariah Carey
61%
Audrey Hepburn
55%
Bono
47%
Rupaul
45%
James Dean
43%
Alicia Silverstone
32%
Dwight D Eisenhower
31%
Cary Grant
22%
No matching quizzes found
Score Distribution
Percent of People with Each Score
Percentile by Number Answered
Your Score History
You have not taken this quiz